000 00565 a2200181 4500
008 250225b ||||| |||| 00| 0 eng d
020 _a9789914494105
050 _aHD60
_b.K53 2023
100 _aKibe, Martin
245 _aConverting your problems into money/
250 _a2023
260 _bThe power of determination publications
_c2023
_aNairobi, Kenya
300 _ax, 127p.:
_c19 cm.
650 _a Social problems
_xEconomic aspects.
650 _a Economics
_xSociological aspects.
650 _aSocial problems
_xEconomic aspects.
942 _cBK
_2lcc
999 _c59632
_d59632